| 000 -CABECERA |
| fixed length control field |
02596nam a22003737a 4500 |
| 003 - IDENTIFICADOR DEL NÚMERO DE CONTROL |
| control field |
AR-CdUCM |
| 008 - DATOS DE LONGITUD FIJA--INFORMACIÓN GENERAL |
| fixed length control field |
190425b ||||| |||| 00| 0 spa d |
| 040 ## - FUENTE DE LA CATALOGACIÓN |
| Agencia/entidad que catalogó originalmente la obra |
MUNICIPALIDAD PROVINCIAL DEL CUSCO |
| Entidad que transcribió la catalogación |
BIBLIOTECA MUNICIPAL DEL CUSCO |
| 082 ## - NÚMERO DE LA CLASIFICACIÓN DECIMAL DEWEY |
| No. de Clasificación |
Rev.DIMA/N°24/1991 |
| 110 ## - ENTRADA PRINCIPAL--NOMBRE DE ENTIDAD CORPORATIVA |
| Nombre de la institución, jurisdicción como entrada principal |
Instituto y Museo Arqueológico de la Universidad Nacional del Cuzco |
| 9 (RLIN) |
46550 |
| 245 ## - MENCIÓN DE TÍTULO |
| Título |
Revista del Museo e Instituto Arqueológico / |
| Mención de responsabilidad |
Universidad Nacional de San Antonio Abad del Cusco |
| 260 ## - PUBLICACIÓN, DISTRIBUCIÓN, ETC. |
| Lugar de publicación, distribución, etc. |
Cusco : |
| Nombre de la editorial, distribuidor, etc. |
Universidad Nacional de San Antonio Abad del Cusco, |
| Fecha de publicación, distribución, etc. |
1991. |
| 300 ## - DESCRIPCIÓN FÍSICA |
| Nº de Páginas Extensión |
324 páginas. : |
| Otros detalles físicos |
ilustraciones ; |
| Dimensiones |
21 cm. |
| 440 ## - MENCIÓN DE SERIE/PUNTO DE ACCESO ADICIONAL--TÍTULO |
| Título |
Revista del Museo e Instituto de Arqueología. |
| Número de la parte/sección de una obra |
N°24, Año 1991. |
| 9 (RLIN) |
46589 |
| 505 ## - NOTA DE CONTENIDO CON FORMATO |
| Nota de contenido formateada |
Contenido: Arqueología preinka e Inka. -- Investigaciones en Pikillacta. -- El estilo Inca como tradición. -- Arquitectura de la Chulpa del lagarto de Sillustani Puno. -- Etnohistoria Inka. -- Superposición en la investigación histórica y arqueológica el caso de Hatunqolla. -- Los monumentos perdidos de la plaza mayor del Cuzco inkaico. -- Consideraciones históricas acerca del cultivo de la hoja de coca a inicios de la colonia. -- Tecnología andina. -- La etnografía de caza tradicional en el mundo andino. -- Experiencias y alternativas en la tecnología en Qocha. -- Conocimiento y creencias en la construcción mantenimiento y uso de un sistema de riego andino. -- Arte e ideología. -- Recursos retóricos y temas literarios en Waynos del Cuzco. -- Tiempo del espacio y espacio del tiempo en los andes. -- Taytacha Qoylluriti el cristo de la nieve resplandeciente. -- Peregrinación de San Sebastián en Qoyllurit´i. Crónicas universitarias. -- La casa de don Jerónimo Luis de Cabrera y de la Cerda en el Cusco, su historia y su restauración arquitectónica. -- Con Jorge Luis Borges en Cusco. -- I simposio Iberoamericano de estudios indigenistas. |
| 650 ## - PUNTO DE ACCESO ADICIONAL DE MATERIA--TÉRMINO DE MATERIA |
| Descriptor |
Arqueología cusqueña |
| 9 (RLIN) |
9322 |
| 650 ## - PUNTO DE ACCESO ADICIONAL DE MATERIA--TÉRMINO DE MATERIA |
| Descriptor |
Pikillaqta |
| 9 (RLIN) |
46557 |
| 650 ## - PUNTO DE ACCESO ADICIONAL DE MATERIA--TÉRMINO DE MATERIA |
| Descriptor |
Tecnología andina |
| 9 (RLIN) |
10426 |
| 650 ## - PUNTO DE ACCESO ADICIONAL DE MATERIA--TÉRMINO DE MATERIA |
| Descriptor |
Inkas |
| 9 (RLIN) |
1899 |
| 650 ## - PUNTO DE ACCESO ADICIONAL DE MATERIA--TÉRMINO DE MATERIA |
| Descriptor |
Religiosidad andina |
| 9 (RLIN) |
44127 |
| 650 ## - PUNTO DE ACCESO ADICIONAL DE MATERIA--TÉRMINO DE MATERIA |
| Descriptor |
Arte e ideología |
| 9 (RLIN) |
46590 |
| 650 ## - PUNTO DE ACCESO ADICIONAL DE MATERIA--TÉRMINO DE MATERIA |
| Descriptor |
Etnohistoria andina |
| 9 (RLIN) |
46591 |
| 700 ## - PUNTO DE ACCESO ADICIONAL--NOMBRE DE PERSONA |
| Nombre Personal |
McEwan, Gordon |
| 9 (RLIN) |
46592 |
| 700 ## - PUNTO DE ACCESO ADICIONAL--NOMBRE DE PERSONA |
| Nombre Personal |
Bridgen Dwyer, Edwar |
| 9 (RLIN) |
46593 |
| 700 ## - PUNTO DE ACCESO ADICIONAL--NOMBRE DE PERSONA |
| Nombre Personal |
Jean Julien, Catherine |
| 9 (RLIN) |
46594 |
| 700 ## - PUNTO DE ACCESO ADICIONAL--NOMBRE DE PERSONA |
| Nombre Personal |
Rowe, John |
| 9 (RLIN) |
46023 |
| 700 ## - PUNTO DE ACCESO ADICIONAL--NOMBRE DE PERSONA |
| Nombre Personal |
Chávez Ballón, Manuel |
| 9 (RLIN) |
45977 |
| 700 ## - PUNTO DE ACCESO ADICIONAL--NOMBRE DE PERSONA |
| Nombre Personal |
Murra, John |
| 9 (RLIN) |
46595 |
| 700 ## - PUNTO DE ACCESO ADICIONAL--NOMBRE DE PERSONA |
| Nombre Personal |
Zans Candia, Leandro |
| 9 (RLIN) |
46090 |
| 700 ## - PUNTO DE ACCESO ADICIONAL--NOMBRE DE PERSONA |
| Nombre Personal |
Flores Ochoa, Jorge |
| 9 (RLIN) |
2915 |
| 710 ## - PUNTO DE ACCESO ADICIONAL--NOMBRE DE ENTIDAD CORPORATIVA |
| Nombre corporativo (En letras Mayúsculas) |
Universidad Nacional de San Antonio Abad del Cusco |
| 9 (RLIN) |
15942 |
| 942 ## - ELEMENTOS DE PUNTO DE ACCESO ADICIONAL (KOHA) |
| Fuente de clasificación |
|
| Tipo de item |
Revistas cusqueñas |
| 945 ## - PROCESAMIENTO DE INFORMACIÓN LOCAL (OCLC) |
| Catalogador |
rac |